000
00257nam a2200097Ia 4500
008
230915s9999 xx 000 0 und d
050
_a
TK7895.M5 S56 2008
100
_a
RENU SINGH
245
0
_a
MICROPROCESSORS: INTERFACINGS AND APPLICATIONS
942
_c
BK
999
_c
205145
_d
205145